Albums Of 1979 - Statistics

General Stats
  • This quiz has been taken 59 times
  • The average score is 14 of 23
Answer Stats
Album Artist % Correct
The Wall Pink Floyd
100%
Highway To Hell AC?DC
98%
London Calling The Clash
96%
Off The Wall Michael Jackson
87%
Tusk Fleetwood Mac
85%
I'm The Man Joe Jackson
81%
Breakfast In America Supertramp
79%
The Rose Bette Midler
72%
In Through The Out Door Led Zeppelin
66%
We Are Family Sister Sledge
64%
Regatta Dr Blanc The Police
64%
Rust Never Sleeps Neil Young
53%
Bad Girls Donna Summer
51%
Candy-O The Cars
51%
Damn The Torpedos Tom Petty and the Heartbrakers
49%
C____ T____ At Budokan Cheap Trick
47%
Head Games Foreigner
47%
Get The K____ The Knack
45%
Eat To The Beat Blondie
40%
Fear Of Music Talking Heads
38%
Sheik Yerbouti Frank Zappa
34%
Flirtin' With Disaster Molly Hatchet
32%
In The Heat Of The Night Pat Benatar
6%
No matching quizzes found
Score Distribution
Percent of People with Each Score
Percentile by Number Answered
Your Score History
You have not taken this quiz